En favor de la obrera cristiana / el Patronato Social Escolar de Obreras del Poblet
Descripción Física:
[17] p. : il. ; 23 cm
Materias:
Religió
MARC
| LEADER | 00000nam a2200000Ia 4500 | ||
|---|---|---|---|
| 001 | 17624 | ||
| 008 | 160829s1917 xx 000 0 cat d | ||
| 080 | |a 3408, exp. 2 | ||
| 100 | |a Patronat Social Escolar d' Obreres de Poblet |9 48375 | ||
| 245 | |a En favor de la obrera cristiana / el Patronato Social Escolar de Obreras del Poblet | ||
| 260 | |a Barcelona : |b el patronat, |c 1917 | ||
| 300 | |a [17] p. : |b il. ; |c 23 cm | ||
| 650 | |a Religió |9 27642 | ||
| 901 | |a Arxiu | ||
| 942 | |n 1 | ||
| 952 | |0 0 |1 0 |4 0 |6 3408_EXP_2 |7 1 |9 54374 |a Arxiu |b Arxiu |d 2016-12-01 |l 0 |o 3408, exp. 2 |p 17624 |r 2016-12-01 00:00:00 |w 2016-12-01 |y ARXIU | ||
| 999 | |c 58243 |d 58243 | ||